000 005040000a22001930004500
001 004905
003 MACL
005 20150728153054.0
008 150728b xxu||||| |||| 00| 0 eng d
040 _aMACL
_cMACL
041 _aEnglish
082 _a332.154/SRI
100 _aSrinivasan T.N.,
_92800
245 _aTrade, Finance And Investment In South Asia
_cSrinivasan T.N.
260 _aNew Delhi
_c2002
_bSocial Science Press,
350 _a780
650 _aEconomics
_92885
942 _k332
_cBK
_2ddc
999 _c16788
_d16788